000 00485nam a2200193Ia 4500
005 20240823021649.0
008 240823s9999||||xx |||||||||||||| ||und||
020 _a81-291-0666-3
041 _aENGLISH
082 _A294.5924 P5
100 _aAjanta E Chakravarty
245 4 _aThe GEETA and the Art of Successful Management
250 _a1st
260 _c2005
_b"Rupa,New "
_aNew Delhi
500 _aYES
650 _aArt
_bManagement Studies
942 _cBK
999 _c177486
_d177486